Indian economy (Record no. 9573)

MARC details
000 -LEADER
fixed length control field 00499cam a2200205ua 4500
001 - CONTROL NUMBER
control field 10611
005 - DATE AND TIME OF LATEST TRANSACTION
control field 20260515114636.0
008 - FIXED-LENGTH DATA ELEMENTS--GENERAL INFORMATION
fixed length control field 190320n ii |||gr||||Z||||||eng
020 ## - INTERNATIONAL STANDARD BOOK NUMBER
International Standard Book Number 9789352531295
040 ## - CATALOGING SOURCE
Transcribing agency MAIN
082 ## - DEWEY DECIMAL CLASSIFICATION NUMBER
Classification number 330.954
100 ## - MAIN ENTRY--PERSONAL NAME
Personal name Gaurav Datt,
Relator term Author.,
245 ## - TITLE STATEMENT
Title Indian economy
250 ## - EDITION STATEMENT
Edition statement 1st rep upd.
260 ## - PUBLICATION, DISTRIBUTION, ETC.
Place of publication, distribution, etc. New Delhi:
Name of publisher, distributor, etc. S chand and company limited,
Date of publication, distribution, etc. 2018.
300 ## - PHYSICAL DESCRIPTION
Extent 1062p.
653 ## - INDEX TERM--UNCONTROLLED
Uncontrolled term Economics
700 ## - ADDED ENTRY--PERSONAL NAME
Personal name Ashwani Mahajan,
Relator term Author.
942 ## - ADDED ENTRY ELEMENTS (KOHA)
Koha item type Books
Holdings
Withdrawn status Lost status Damaged status Not for loan Home library Current library Shelving location Date acquired Total checkouts Full call number Barcode Date last seen Date last checked out Copy number Price effective from Koha item type
        Naharkatiya College Library Naharkatiya College Library General stacks 09/19/2020 8 330.954Indian economy | DAT 26429 04/08/2025 03/24/2025 1 09/19/2020 Books